000 00556nam a2200217Ia 4500
008 101110s9999 xx 000 0 und d
041 _aENGLISH
082 _bSR34312
100 _aShauraja R.R.,Gokhale S.W.,Ganpule Devayani
245 _aIndian economics -III SYBA
260 _c2010
_bSheth Publishers,Mumbai
300 _a407
365 _b125
520 _aEconomics
546 _aENGLISH
630 _aIndian economics -III SYBA
650 _aEconomics
655 _aEconomics
730 _aIndian economics -III SYBA
942 _cBOOK
999 _c826813
_d826810